| 000 | 00977nac a22002771i 4500 | ||
|---|---|---|---|
| 003 | EG-ScBUE | ||
| 005 | 20250306100252.0 | ||
| 008 | 250306s1972 si f 001 0 eng d | ||
| 020 | _a0070990069 | ||
| 020 | _a9780070990067 | ||
| 040 |
_aEG-ScBUE _beng _erda _cEG-ScBUE _dEG-ScBUE |
||
| 082 | 0 | 4 |
_a515.3 _bAYR _222 |
| 100 | 1 |
_aAyres , Frank, _eauthor. |
|
| 245 |
_aSchaum's outline of theory and problems of differential equations in si metric units / _cby Frank Ayres, jr, PhD, professor and head, Department of Mathematics, Dichinson College ; edited by J.C. Ault. |
||
| 250 | _aFirst edition. | ||
| 264 | 1 |
_aSingapore : _bMcGraw Hill, _c1972. |
|
| 300 |
_a295 pages ; _c28 cm. |
||
| 336 |
_2rdacontent _atext _btxt |
||
| 337 |
_aunmediated _2rdamedia _bn |
||
| 338 |
_avolume _bnc _2rdacarrier |
||
| 490 | 0 | _aSchaum's outline series | |
| 500 | _aIncludes index. | ||
| 650 | 7 |
_aDifferential equations. _2BUEsh |
|
| 655 | _vReading book | ||
| 942 |
_cBB _2ddc |
||
| 999 |
_c1258 _d1258 |
||